Német részvetellel Magyarországon müködö vegyesvállalatok.

Analýza činnosti a výsledkov joint ventures s majetkovou účasťou nemeckých podnikov. Majetkový vklad a know-how poskytované nemeckými partnermi. Nedostatok energie a nevybudovaná infraštruktúra v Maďarskej republike ako limitujúci faktor činnosti joint ventures.

Gespeichert in:
Bibliographische Detailangaben
1. Verfasser: Hegedüs, M.
Format: Buchkapitel
Sprache:Ungarisch
Schlagworte:
Tags: Tag hinzufügen
Keine Tags, Fügen Sie das erste Tag hinzu!

MARC

LEADER 00000naa a2200000 4500
001 r005567
005 20221125113542.3
041 0 |a hun 
044 |a HU 
245 1 0 |a Német részvetellel Magyarországon müködö vegyesvállalatok.  |c M. Hegedüs 
520 |a Analýza činnosti a výsledkov joint ventures s majetkovou účasťou nemeckých podnikov. Majetkový vklad a know-how poskytované nemeckými partnermi. Nedostatok energie a nevybudovaná infraštruktúra v Maďarskej republike ako limitujúci faktor činnosti joint ventures. 
610 2 0 |a podnik zmiešaný 
610 2 0 |a know-how 
610 2 0 |a Nemecko 
610 2 0 |a MR 
610 2 0 |a energia 
610 2 0 |a infraštruktúra 
610 2 0 |a joint ventures 
100 1 |a Hegedüs, M.